000 00332nam a2200121Ia 4500
008 240731s9999 xx 000 0 und d
022 _a1939-9154
245 0 _aEnvironment: Science and Policy for Sustainable Development
260 _bRoutledge
856 _uhttps://www.tandfonline.com/loi/venv20
942 _2ddc
942 _cTFEJ
999 _c76441
_d76441
945 _a1
_bMadushi Gamage
_c1
_dMadushi Gamage